000 00458nam a2200181 a 4500
001 12035
003 CO-ViMGA
008 141112s2004 ck r 000 u spa d
020 _a9586640159
040 _aCO-ViMGA
_bspa
_cCO-ViMGA
082 0 4 _a342.085 C656w
245 1 0 _aEl libro blanco de la tutela
260 _aSanta Fe de Bogotá :
_bvicepresidencia,
_c1995
300 _a234p.
650 1 4 _aLEY - TUTELA
_916995
650 1 4 _aTUTELA
942 _2ddc
_cBK
999 _c23088
_d23088